IFRS - novoprijatý koncepčný rámec pre finančné výkazníctvo

Obsah a štruktúra nového Koncepčného rámca pre finančné výkazníctvo vydaného 29. marca 2018 v rámci IFRS.

Saved in:
Bibliographic Details
Main Author: Krupová, Lenka
Other Authors: Ruskin, Anglia
Format: Book Chapter
Language:Slovak
Subjects:
Tags: Add Tag
No Tags, Be the first to tag this record!

MARC

LEADER 00000naa a2200000 4500
001 0246926
005 20221104112942.0
041 0 |a slo 
044 |a SK 
245 1 0 |a IFRS - novoprijatý koncepčný rámec pre finančné výkazníctvo  |c Lenka Krupová, Anglia Ruskin 
520 |a Obsah a štruktúra nového Koncepčného rámca pre finančné výkazníctvo vydaného 29. marca 2018 v rámci IFRS. 
610 2 0 |a výkazy finančné 
610 2 0 |a štandardy účtovné medzinárodné 
610 2 0 |a zobrazenie účtovné 
610 2 0 |a zákony 
610 2 0 |a Slovensko 
100 1 |a Krupová, Lenka 
700 1 |a Ruskin, Anglia